The labour Force Dynamic of SAARC Countries : (Record no. 79519)
[ view plain ]
| 000 -LEADER | |
|---|---|
| fixed length control field | 01098nam a22002657a 4500 |
| 001 - CONTROL NUMBER | |
| RUCL Control Number | 79519 |
| 003 - CONTROL NUMBER IDENTIFIER | |
| rucl marc code | BD-RjUL |
| 005 - DATE AND TIME OF LATEST TRANSACTION | |
| control field | 20220616103824.0 |
| 008 - FIXED-LENGTH DATA ELEMENTS--GENERAL INFORMATION | |
| fixed length control field | 220308s2001 bg a|||| m||| 00| 0 eng d |
| 035 ## - SYSTEM CONTROL NUMBER | |
| system control number | (BD-RjUL)79519 |
| 040 ## - CATALOGING SOURCE | |
| Original cataloging agency | BD-RjUL |
| Language of cataloging | eng |
| Transcribing agency | BD-RjUL |
| Modifying agency | BD-RjUL |
| 041 ## - LANGUAGE CODE | |
| Language code of Book | eng |
| 082 ## - DEWEY DECIMAL CLASSIFICATION NUMBER | |
| DDC Edition number | 23 |
| Classification number | 331.110954 |
| Author mark and Year | MOL 2001 |
| 100 ## - MAIN ENTRY--PERSONAL NAME | |
| Personal name | Mondal, Md. Nazrul Islam |
| 9 (RLIN) | 1758 |
| 245 10 - TITLE STATEMENT | |
| Title | The labour Force Dynamic of SAARC Countries : |
| Remainder of title | - A comparative study / |
| Statement of responsibility, etc | By Md. Nazrul Islam Mondal ; |
| Name of Supervisor/Co-Supervisor | Supervisors : M. Korban Ali & A. S. A. Noor |
| 260 ## - PUBLICATION, DISTRIBUTION, ETC. (IMPRINT) | |
| Place of publication, distribution, etc | Rajshahi : |
| Name of publisher, distributor, etc | Department of Population Science And Human Resource Development, University of Rajshahi, |
| Date of publication, distribution, etc | 2001 |
| 300 ## - PHYSICAL DESCRIPTION | |
| Pagination | xvii, 216 leaves : |
| Other physical details | ill, ; |
| Dimensions | 29.cm. |
| 502 ## - DISSERTATION NOTE | |
| Dissertation note | Thesis(Ph. D.) -- Department of Population Science And Human Resource Development, University of Rajshahi, 2001 |
| 504 ## - BIBLIOGRAPHY, ETC. NOTE | |
| Bibliography, etc | Bibliography: Leaves 206 - 216 |
| 600 ## - SUBJECT ADDED ENTRY--PERSONAL NAME | |
| Chronological subdivision | |
| -- | 3647 |
| 650 ## - SUBJECT ADDED ENTRY--TOPICAL TERM | |
| Topical term or geographic name as entry element | Labor supply |
| Geographic subdivision | SAARC Countries |
| General subdivision | Statistics. |
| 9 (RLIN) | 3648 |
| 700 ## - ADDED ENTRY--SUPERVISOR/CO-SUPERVISOR NAME | |
| Personal name | Ali, M. Korban, Supervisor |
| 9 (RLIN) | 1761 |
| Personal name | Noor, A. S. A. jt.Supervisor |
| 9 (RLIN) | 3646 |
| 942 ## - ADDED ENTRY ELEMENTS (KOHA) | |
| Source of classification or shelving scheme | Dewey Decimal Classification |
| Koha item type | Theses |
| Source of classification or shelving scheme | Damaged status | Not for loan | Collection code | Permanent Location | Current Location | Shelving location | Date of accession | Source of acquisition | Full call number | Barcode | Date last seen | Copy number | Thesis |
|---|---|---|---|---|---|---|---|---|---|---|---|---|---|
| Dewey Decimal Classification | Not For Loan | Theses | Central Library, University of Rajshahi | Central Library, University of Rajshahi | Documentation Section | 02/10/2002 | Controller of Exam. , R.U. | THE 331.110954 MOL 2001 | D2127 | 08/03/2022 | C-1 | Theses |